000 00535nam a2200217Ia 4500
003 GCL
008 140319s9999 xx 000 0 eng d
040 _aGCL /
_cGCL
082 0 4 _a541.3
_bB E
100 1 _aBAHI, B. S.
245 1 0 _aESSNTIALS OF PHYSICAL CHEMISTRY /
_cBAHI, B. S.
700 1 _aTULI, G.D
700 1 _aBAHI, ARUN
260 _a[S.N] :
_bSCHAND & COMPONY ،
_c1994
300 _a808 P
650 0 4 _aCHEMISTRY
650 0 4 _aEQUILIBRIUM
650 0 4 _aLIQUIDS
650 0 4 _aNUCLEAR CHEMISTRY
942 _2ddc
_cBK
999 _c20490
_d20490